INSIDE BALUCHISTAN A POLITICAL AUTOBIOGRAPHY OF HIS HIGHNESS BAIGLAR BAIGI KHAN-E-AZAM XII (Record no. 582976)
[ view plain ]
| 000 -LEADER | |
|---|---|
| fixed length control field | 00321nam a22001097a 4500 |
| 082 ## - DEWEY DECIMAL CLASSIFICATION NUMBER | |
| Classification number | 954.915 BAL'I |
| 100 ## - MAIN ENTRY--PERSONAL NAME | |
| Personal name | BALUCH, MIR AHMAD YAR KHAN |
| 9 (RLIN) | 77759 |
| 245 ## - TITLE STATEMENT | |
| Title | INSIDE BALUCHISTAN A POLITICAL AUTOBIOGRAPHY OF HIS HIGHNESS BAIGLAR BAIGI KHAN-E-AZAM XII |
| 260 ## - PUBLICATION, DISTRIBUTION, ETC. | |
| Place of publication, distribution, etc. | KARACHI |
| Name of publisher, distributor, etc. | ROYAL |
| Date of publication, distribution, etc. | 1975 |
| 300 ## - PHYSICAL DESCRIPTION | |
| Extent | 352P |
| 942 ## - ADDED ENTRY ELEMENTS (KOHA) | |
| Koha item type | Book |
| Withdrawn status | Lost status | Damaged status | Not for loan | Permanent Location | Current Location | Shelving location | Date acquired | Total Checkouts | Total Renewals | Full call number | Barcode | Checked out | Date last seen | Date last checked out | Price effective from | Koha item type |
|---|---|---|---|---|---|---|---|---|---|---|---|---|---|---|---|---|
| College of Electrical & Mechanical Engineering (CEME) | College of Electrical & Mechanical Engineering (CEME) | General Stacks | 06/12/2017 | 1 | 1 | 954.915 BAL'I | CEME-8995 | 01/22/2026 | 11/20/2025 | 11/20/2025 | 06/28/2021 | Book |
